| 000 | 00836nam a22001937a 4500 | ||
|---|---|---|---|
| 999 |
_c59725 _d59725 |
||
| 003 | Ge_BSU | ||
| 005 | 20230407110146.0 | ||
| 008 | 230407s2003 ge ||||| |||| 00| 0 geo d | ||
| 041 | _ageo | ||
| 080 | _a130.2 კ-77 | ||
| 100 |
_aკორძაია, ჯანსუღ _94460 |
||
| 245 |
_aკულტურის სუბსტანციისათვის / _cჯანსუღ კორძაია; [რედ.: სერგი ავალიანი]. |
||
| 264 |
_aთბილისი : _bსახ. უნ-ტის გამ-ბა, _c2003. |
||
| 300 |
_a88გვ. ; _b20სმ. |
||
| 504 | _aბიბლიოგრ.: გვ. 85. | ||
| 653 | _aკულტურის ფილოსოფია | ||
| 700 |
_aავალიანი, სერგი _eრედაქტორი _9356 |
||
| 942 |
_2udc _cBK |
||